[Event "LSS SN-2006-0-00002"]
[Site "LSS email"]
[Date "2006.07.01"]
[Round "?"]
[White "Babineaux, Ernest"]
[Black "Grosse, Michael"]
[Result "1-0"]
[WhiteElo "801"]
[BlackElo "800"]
[PlyCount "21"]
[EventDate "2006.04.24"]
[EventType "tourn (corr)"]
[EventCountry "GER"]
[SourceTitle "Corr 2015"]
[Source "ChessBase"]
[SourceDate "2015.07.17"]
[SourceVersion "1"]
[SourceVersionDate "2015.07.17"]
[SourceQuality "1"]

1. e4 e6 2. d4 d5 3. e5 c5 4. c3 Qb6 5. Nf3 Bd7 6. Bd3 cxd4 7. cxd4 Bb5 8. Qb3 Bxd3 9. Qxd3 Nc6 10. 0-0 Nge7 11. b3 1-0

[Event "IECG SN.2006.0.00003"]
[Site "IECG email"]
[Date "2006.06.04"]
[Round "?"]
[White "Babineaux, Ernest"]
[Black "Andrade, Daniel"]
[Result "0-1"]
[WhiteElo "811"]
[BlackElo "874"]
[PlyCount "104"]
[EventDate "2006.06.04"]
[EventType "tourn (corr)"]
[EventRounds "6"]
[SourceTitle "Corr 2008"]
[Source "ChessBase"]
[SourceDate "2008.06.24"]
[SourceVersion "1"]
[SourceVersionDate "2008.06.24"]
[SourceQuality "1"]

1. d4 d5 2. Bf4 c5 3. e3 cxd4 4. exd4 Nc6 5. c3 Nf6 6. Nd2 e6 7. Bd3 Bd6 8. Bxd6 Qxd6 9. Ngf3 b6 10. 0-0 0-0 11. Re1 Re8 12. Ne5 Nd7 13. Ndf3 f6 14. Bxh7+ Kxh7 15. Ng5+ Kg8 16. Qh5 Ndxe5 17. Qxe8+ Qf8 18. Qxf8+ Kxf8 19. dxe5 fxg5 20. Rad1 Bb7 21. Rd3 Ke7 22. Rg3 Rf8 23. Rxg5 Rf7 24. Re3 Kf8 25. Rd3 Rf4 26. b3 Re4 27. Re3 Rxe3 28. fxe3 Ba6 29. h4 Bd3 30. Kf2 Nd8 31. Ke1 Nf7 32. Rg3 Nxe5 33. Kd2 Bf5 34. a3 b5 35. Kc1 Kf7 36. Kd2 a5 37. a4 bxa4 38. bxa4 Nc4+ 39. Kc1 Nb6 40. Rf3 Kg6 41. Kd2 Nxa4 42. Rf1 Nb6 43. Ra1 Nc4+ 44. Ke2 Kh5 45. g3 Kg4 46. Kf2 Bc2 47. Rc1 Bb3 48. Rh1 a4 49. h5 a3 50. h6 gxh6 51. Rxh6 a2 52. Rh1 Na3 0-1

[Event "IECG RN.2006.0.00004"]
[Site "IECG email"]
[Date "2006.06.04"]
[Round "?"]
[White "Basu, Pritwish"]
[Black "Babineaux, Ernest"]
[Result "1-0"]
[WhiteElo "800"]
[BlackElo "811"]
[PlyCount "35"]
[EventDate "2006.06.04"]
[EventType "tourn (corr)"]
[EventRounds "6"]
[SourceTitle "Corr 2008"]
[Source "ChessBase"]
[SourceDate "2008.06.24"]
[SourceVersion "1"]
[SourceVersionDate "2008.06.24"]
[SourceQuality "1"]

1. e4 e5 2. Nf3 Nc6 3. d4 exd4 4. Nxd4 Nf6 5. Nc3 Bc5 6. Be3 Bb6 7. Nf5 0-0 8. Bg5 h6 9. Bh4 d6 10. Nd5 Bxf5 11. Nxf6+ gxf6 12. exf5 Re8+ 13. Kd2 Re4 14. Qh5 Ne5 15. h3 Nc4+ 16. Bxc4 Rxc4 17. c3 Kh7 18. Qxf7+ 1-0

[Event "IECG RN.2006.0.00004"]
[Site "IECG email"]
[Date "2006.06.04"]
[Round "?"]
[White "Ong, Allan C"]
[Black "Babineaux, Ernest"]
[Result "0-1"]
[WhiteElo "891"]
[BlackElo "811"]
[PlyCount "92"]
[EventDate "2006.06.04"]
[EventType "tourn (corr)"]
[EventRounds "6"]
[SourceTitle "Corr 2008"]
[Source "ChessBase"]
[SourceDate "2008.06.24"]
[SourceVersion "1"]
[SourceVersionDate "2008.06.24"]
[SourceQuality "1"]

1. d4 d5 2. Bf4 c5 3. e4 dxe4 4. d5 Qb6 5. Nc3 Nf6 6. f3 exf3 7. Nxf3 Bg4 8. Bb5+ Nbd7 9. 0-0 a6 10. Bc4 Qxb2 11. Qd2 Bxf3 12. Rxf3 Qxa1+ 13. Rf1 Qb2 14. d6 Rd8 15. Rb1 Qa3 16. Rxb7 exd6 17. Qe3+ Be7 18. Bxd6 0-0 19. Bxe7 Rfe8 20. Rb3 Qa5 21. Bxd8 Qxd8 22. Qg3 a5 23. Rb7 Nh5 24. Qf2 Nhf6 25. Na4 Ne5 26. Nb2 Nxc4 27. Nxc4 Qd1+ 28. Qf1 Qd4+ 29. Kh1 Rd8 30. Rb1 Qc3 31. Rd1 Rd4 32. Rb1 h6 33. Rb8+ Kh7 34. Rb7 Qxc4 35. Qf5+ g6 36. Qf3 Kg7 37. Rb1 Qxa2 38. Rf1 Qe6 39. c3 Re4 40. Qf2 Re3 41. Ra1 Rxc3 42. Qd2 Qe3 43. Qxe3 Rxe3 44. h3 Re8 45. Rxa5 Rc8 46. Kh2 c4 0-1

[Event "IECG SN.2006.0.00003"]
[Site "IECG email"]
[Date "2006.06.04"]
[Round "?"]
[White "Ong, Allan C"]
[Black "Babineaux, Ernest"]
[Result "0-1"]
[WhiteElo "891"]
[BlackElo "811"]
[PlyCount "88"]
[EventDate "2006.06.04"]
[EventType "tourn (corr)"]
[EventRounds "6"]
[SourceTitle "Corr 2008"]
[Source "ChessBase"]
[SourceDate "2008.06.24"]
[SourceVersion "1"]
[SourceVersionDate "2008.06.24"]
[SourceQuality "1"]

1. d4 d5 2. Nf3 c5 3. Bf4 Bf5 4. c3 e6 5. e3 a6 6. Nbd2 Bd6 7. Bg3 Bxg3 8. hxg3 cxd4 9. Nxd4 Bg6 10. N2f3 Nf6 11. Ne5 Qb6 12. Nxg6 fxg6 13. Bd3 0-0 14. Qc2 e5 15. Nb3 e4 16. Be2 Nc6 17. Nd4 Nxd4 18. exd4 Qe6 19. c4 Rac8 20. Qb3 Rf7 21. Rc1 Rcf8 22. cxd5 Qd6 23. a4 Re8 24. Rc5 Rd7 25. Qc4 Red8 26. 0-0 h5 27. a5 Kh7 28. b4 Nxd5 29. Bd1 e3 30. Bf3 Nf6 31. fxe3 Qxg3 32. Rc8 h4 33. Rxd8 Rxd8 34. Bxb7 Ng4 35. Rf3 Qh2+ 36. Kf1 Qh1+ 37. Ke2 Qxg2+ 38. Ke1 Re8 39. Qe2 Qxe2+ 40. Kxe2 Rb8 41. Rh3 Rxb7 42. Rxh4+ Nh6 43. Kd3 Rxb4 44. Re4 Rb5 0-1

[Event "LSS SN-2006-0-00001"]
[Site "LSS email"]
[Date "2006.05.24"]
[Round "?"]
[White "Babineaux, Ernest"]
[Black "Bert, Ben"]
[Result "1-0"]
[WhiteElo "801"]
[BlackElo "447"]
[PlyCount "27"]
[EventDate "2006.04.15"]
[EventType "tourn (corr)"]
[EventCountry "GER"]
[SourceTitle "Corr 2015"]
[Source "ChessBase"]
[SourceDate "2015.07.17"]
[SourceVersion "1"]
[SourceVersionDate "2015.07.17"]
[SourceQuality "1"]

1. e4 e5 2. Nf3 Nc6 3. Bb5 a6 4. Bxc6 dxc6 5. 0-0 Bc5 6. c3 Nf6 7. Re1 0-0 8. d4 exd4 9. cxd4 Bb4 10. Bd2 Bxd2 11. Nbxd2 Bg4 12. h3 b5 13. hxg4 Qe7 14. Rc1 1-0

[Event "IECG OP.2006.0.00043"]
[Site "IECG email"]
[Date "2006.05.15"]
[Round "?"]
[White "Babineaux, Ernest"]
[Black "Edwardson, Zachariah"]
[Result "1-0"]
[WhiteElo "800"]
[BlackElo "1324"]
[PlyCount "68"]
[EventDate "2006.05.15"]
[EventType "tourn (corr)"]
[EventRounds "6"]
[SourceTitle "Corr 2008"]
[Source "ChessBase"]
[SourceDate "2008.06.24"]
[SourceVersion "1"]
[SourceVersionDate "2008.06.24"]
[SourceQuality "1"]

1. e4 d6 2. d4 Nf6 3. Nc3 g6 4. Be3 c6 5. Qd2 b5 6. Bd3 Nbd7 7. Nf3 e5 8. dxe5 dxe5 9. h3 Bb7 10. a4 b4 11. Ne2 a5 12. c3 Nc5 13. Bc4 Qxd2+ 14. Bxd2 Ncxe4 15. Nxe5 Nd5 16. Rd1 Bg7 17. Bxd5 cxd5 18. Nf3 Bc6 19. cxb4 Bxa4 20. Ra1 axb4 21. Bxb4 Bxb2 22. Ra2 Bc6 23. Rxa8+ Bxa8 24. 0-0 Kd7 25. Rd1 Rb8 26. Be1 Bc6 27. Nf4 Rb5 28. Nd2 Nc3 29. Rb1 Nxb1 30. Nxb1 Bc1 31. Nc3 Bxf4 32. Nxb5 Bxb5 33. Bc3 Ke6 34. Bd4 Be5 1-0

[Event "IECG OP.2006.0.00043"]
[Site "IECG email"]
[Date "2006.05.15"]
[Round "?"]
[White "Gomes, Sergio"]
[Black "Babineaux, Ernest"]
[Result "1-0"]
[WhiteElo "1400"]
[BlackElo "800"]
[PlyCount "43"]
[EventDate "2006.05.15"]
[EventType "tourn (corr)"]
[EventRounds "6"]
[SourceTitle "Corr 2008"]
[Source "ChessBase"]
[SourceDate "2008.06.24"]
[SourceVersion "1"]
[SourceVersionDate "2008.06.24"]
[SourceQuality "1"]

1. e4 c6 2. d4 d5 3. e5 Na6 4. c3 Bf5 5. Ne2 g6 6. Nd2 e6 7. Ng3 Ne7 8. Nf3 Qb6 9. Nxf5 Nxf5 10. Bd3 c5 11. Qa4+ Kd8 12. g4 c4 13. gxf5 cxd3 14. Ng5 Qc7 15. fxe6 Qe7 16. Nxf7+ Kc8 17. Nxh8 Qxe6 18. Rg1 Kc7 19. b4 Qf5 20. Qa5+ Kd7 21. Qxd5+ Bd6 22. Qxd6+ 1-0

[Event "IECG ZN.2006.0.00011"]
[Site "IECG email"]
[Date "2006.05.13"]
[Round "?"]
[White "Paulica, Luca"]
[Black "Babineaux, Ernest"]
[Result "1/2-1/2"]
[WhiteElo "800"]
[BlackElo "800"]
[PlyCount "75"]
[EventDate "2006.05.13"]
[EventType "tourn (corr)"]
[EventRounds "2"]
[SourceTitle "Corr 2008"]
[Source "ChessBase"]
[SourceDate "2008.06.24"]
[SourceVersion "1"]
[SourceVersionDate "2008.06.24"]
[SourceQuality "1"]

1. e4 e5 2. Nf3 Nc6 3. Bb5 Nf6 4. d3 Bc5 5. h3 d6 6. Nc3 0-0 7. Bg5 h6 8. Bh4 Be6 9. Nd5 Bxd5 10. exd5 Nd4 11. 0-0 Nxb5 12. c3 c6 13. b4 Nxc3 14. Qb3 Ne2+ 15. Kh1 Nd4 16. Nxd4 Bxd4 17. Rac1 Rc8 18. dxc6 Rxc6 19. Rxc6 bxc6 20. Qa4 Qb6 21. Rc1 Rc8 22. b5 Nd5 23. bxc6 Nc3 24. Qa3 Rxc6 25. Be7 Bxf2 26. Rxc3 Rxc3 27. Qxc3 Qd4 28. Qxd4 exd4 29. Bxd6 f5 30. g4 fxg4 31. hxg4 Kf7 32. Kg2 Be3 33. Kf3 g6 34. Ke4 h5 35. gxh5 gxh5 36. Bg3 Ke6 37. a4 a6 38. Be1 1/2-1/2

[Event "IECG OP.2006.0.00036"]
[Site "IECG email"]
[Date "2006.05.07"]
[Round "?"]
[White "Babineaux, Ernest"]
[Black "Bellanger, Michel"]
[Result "0-1"]
[WhiteElo "800"]
[BlackElo "1000"]
[PlyCount "64"]
[EventDate "2006.05.07"]
[EventType "tourn (corr)"]
[EventRounds "6"]
[SourceTitle "Corr 2008"]
[Source "ChessBase"]
[SourceDate "2008.06.24"]
[SourceVersion "1"]
[SourceVersionDate "2008.06.24"]
[SourceQuality "1"]

1. e4 d6 2. d4 e6 3. Nf3 Ne7 4. Nc3 g6 5. Bd3 b6 6. 0-0 Nd7 7. Re1 Bg7 8. Bf4 Bb7 9. Qd2 h6 10. e5 Bxf3 11. gxf3 g5 12. exd6 gxf4 13. dxe7 Qxe7 14. Qxf4 Rg8 15. Kf1 c6 16. Ne4 Nf6 17. Nxf6+ Bxf6 18. Qxh6 0-0-0 19. c3 Bg5 20. Qh3 Bf4 21. Ke2 Rh8 22. Qg4 Rh4 23. Qg1 e5 24. Kd1 Qf6 25. Kc2 exd4 26. Rad1 dxc3 27. Ba6+ Kc7 28. Rxd8 Qxd8 29. Rd1 Qf8 30. Kxc3 Qc5+ 31. Kb3 b5 32. a4 Qc4+ 0-1

[Event "IECG OP.2006.0.00033"]
[Site "IECG email"]
[Date "2006.05.04"]
[Round "?"]
[White "Babineaux, Ernest"]
[Black "Schalkwijk, Peter H"]
[Result "0-1"]
[WhiteElo "800"]
[BlackElo "1612"]
[PlyCount "58"]
[EventDate "2006.05.04"]
[EventType "tourn (corr)"]
[EventRounds "6"]
[SourceTitle "Corr 2008"]
[Source "ChessBase"]
[SourceDate "2008.06.24"]
[SourceVersion "1"]
[SourceVersionDate "2008.06.24"]
[SourceQuality "1"]

1. e4 Nf6 2. e5 Nd5 3. d4 d6 4. c4 Nb6 5. exd6 exd6 6. Nc3 g6 7. Nf3 Bg7 8. Be3 Bg4 9. h3 Bxf3 10. Qxf3 c6 11. 0-0-0 N8d7 12. Ne4 Nc8 13. h4 Qa5 14. Kb1 d5 15. Nc3 dxc4 16. Bxc4 0-0 17. h5 Qf5+ 18. Qxf5 gxf5 19. h6 Bh8 20. Rh5 Ne7 21. Rg5+ Ng6 22. Rxf5 Nb6 23. Bb3 Rad8 24. Ne4 Rd7 25. Ng5 Nd5 26. Bd2 Nh4 27. Bxd5 Nxf5 28. Bxf7+ Rfxf7 29. Nxf7 Kxf7 0-1

[Event "IECG OP.2006.0.00033"]
[Site "IECG email"]
[Date "2006.05.04"]
[Round "?"]
[White "Laine, Jari"]
[Black "Babineaux, Ernest"]
[Result "1/2-1/2"]
[WhiteElo "1843"]
[BlackElo "800"]
[PlyCount "79"]
[EventDate "2006.05.04"]
[EventType "tourn (corr)"]
[EventRounds "6"]
[SourceTitle "Corr 2008"]
[Source "ChessBase"]
[SourceDate "2008.06.24"]
[SourceVersion "1"]
[SourceVersionDate "2008.06.24"]
[SourceQuality "1"]

1. e4 e5 2. Nf3 Nc6 3. c3 d5 4. Qa4 Bd7 5. exd5 Nd4 6. Qd1 Nxf3+ 7. Qxf3 Nf6 8. Bc4 e4 9. Qe2 Bd6 10. d3 0-0 11. dxe4 Nxe4 12. 0-0 Re8 13. Be3 Qh4 14. g3 Qh3 15. Nd2 Bg4 16. f3 Nxd2 17. Qxd2 Bd7 18. Rae1 Re5 19. Qg2 Rae8 20. Bd2 a6 21. Rxe5 Rxe5 22. Qxh3 Bxh3 23. Re1 Bc5+ 24. Kh1 Rxe1+ 25. Bxe1 Kf8 26. Be2 Be3 27. f4 Ke7 28. Bf3 Kd6 29. c4 Kc5 30. a3 Kxc4 31. d6 cxd6 32. Bxb7 d5 33. Bxa6+ Kb3 34. Bb7 d4 35. Be4 f5 36. Bd3 Bc1 37. a4 Bxb2 38. a5 Ba3 39. a6 Bc5 40. Kg1 1/2-1/2

[Event "IECG RN.2006.0.00002"]
[Site "IECG email"]
[Date "2006.04.26"]
[Round "?"]
[White "Babineaux, Ernest"]
[Black "Goletto, Piero Giuseppe"]
[Result "1-0"]
[WhiteElo "800"]
[BlackElo "800"]
[PlyCount "45"]
[EventDate "2006.04.26"]
[EventType "tourn (corr)"]
[EventRounds "6"]
[SourceTitle "Corr 2008"]
[Source "ChessBase"]
[SourceDate "2008.06.24"]
[SourceVersion "1"]
[SourceVersionDate "2008.06.24"]
[SourceQuality "1"]

1. e4 c5 2. d4 Nf6 3. e5 d6 4. exf6 cxd4 5. Qxd4 e5 6. Qd5 Be6 7. Qxb7 Qd7 8. Qxa8 Qd8 9. Bb5+ Bd7 10. Bxd7+ Nxd7 11. Qxd8+ Kxd8 12. fxg7 Bxg7 13. Nc3 Re8 14. Nb5 a6 15. Nxd6 Re6 16. Nxf7+ Ke7 17. Ng5 Bf6 18. Nxe6 Kxe6 19. Ne2 Nc5 20. Nc3 Ne4 21. Nxe4 Be7 22. 0-0 h6 23. Bxh6 1-0

[Event "IECG SN.2006.0.00002"]
[Site "IECG email"]
[Date "2006.04.24"]
[Round "?"]
[White "Babineaux, Ernest"]
[Black "Shadenfroid, Lenny"]
[Result "0-1"]
[WhiteElo "800"]
[BlackElo "800"]
[PlyCount "58"]
[EventDate "2006.04.24"]
[EventType "tourn (corr)"]
[EventRounds "6"]
[SourceTitle "Corr 2008"]
[Source "ChessBase"]
[SourceDate "2008.06.24"]
[SourceVersion "1"]
[SourceVersionDate "2008.06.24"]
[SourceQuality "1"]

1. e4 d5 2. exd5 Qxd5 3. d4 Nc6 4. Nc3 Qxd4 5. Qxd4 Nxd4 6. Bd3 e5 7. Be3 Be6 8. Bxd4 exd4 9. Nb5 0-0-0 10. Nxa7+ Kb8 11. Nb5 c6 12. Na3 Bxa3 13. bxa3 c5 14. Nf3 Nf6 15. 0-0 c4 16. Be2 d3 17. cxd3 cxd3 18. Bd1 d2 19. Bb3 Ne4 20. Rfd1 Bg4 21. Kf1 Bxf3 22. gxf3 Nc3 23. Bxf7 Rhf8 24. Bh5 Rd6 25. Kg2 g6 26. Bg4 Kc7 27. Kg3 h5 28. Bh3 Nxd1 29. Rxd1 Re8 0-1

[Event "IECG SN.2006.0.00002"]
[Site "IECG email"]
[Date "2006.04.24"]
[Round "?"]
[White "Kelbl, Jiri"]
[Black "Babineaux, Ernest"]
[Result "1/2-1/2"]
[WhiteElo "835"]
[BlackElo "800"]
[PlyCount "97"]
[EventDate "2006.04.24"]
[EventType "tourn (corr)"]
[EventRounds "6"]
[SourceTitle "Corr 2008"]
[Source "ChessBase"]
[SourceDate "2008.06.24"]
[SourceVersion "1"]
[SourceVersionDate "2008.06.24"]
[SourceQuality "1"]

1. e4 e5 2. Nf3 Nc6 3. Bb5 Nge7 4. 0-0 a6 5. Ba4 b5 6. Bb3 Ng6 7. d4 exd4 8. Nxd4 Nxd4 9. Qxd4 Bb7 10. Nc3 c5 11. Qd3 c4 12. Bxc4 bxc4 13. Qxc4 Rc8 14. Qd3 Bb4 15. Bd2 0-0 16. Rfe1 Re8 17. a3 Bxc3 18. Bxc3 Rc6 19. Qd4 f6 20. f3 Nf4 21. g3 Ng6 22. Rad1 Ne5 23. Kf2 Rce6 24. Re2 Nc6 25. Qxd7 Qxd7 26. Rxd7 Bc8 27. Rdd2 Ne5 28. Re1 Nc4 29. Rd4 Nd6 30. Bb4 Nb5 31. Rd3 f5 32. exf5 Rxe1 33. Bxe1 Bxf5 34. Rd2 Rc8 35. c3 Kf7 36. Re2 h5 37. Bd2 Re8 38. Rxe8 Kxe8 39. Ke2 Kd7 40. Ke3 g5 41. h4 g4 42. fxg4 Bxg4 43. Ke4 Kc6 44. c4 Nd6+ 45. Kd3 Nf5 46. Bf4 Kc5 47. b4+ Kc6 48. c5 Kd5 49. Bb8 1/2-1/2

[Event "IECG SN.2006.0.00002"]
[Site "IECG email"]
[Date "2006.04.24"]
[Round "?"]
[White "Nistri, Paolo"]
[Black "Babineaux, Ernest"]
[Result "1-0"]
[WhiteElo "800"]
[BlackElo "800"]
[PlyCount "79"]
[EventDate "2006.04.24"]
[EventType "tourn (corr)"]
[EventRounds "6"]
[SourceTitle "Corr 2008"]
[Source "ChessBase"]
[SourceDate "2008.06.24"]
[SourceVersion "1"]
[SourceVersionDate "2008.06.24"]
[SourceQuality "1"]

1. Nf3 d5 2. d4 e6 3. c4 c5 4. Nc3 Nc6 5. Bg5 Be7 6. Bxe7 Ngxe7 7. e3 cxd4 8. Nxd4 0-0 9. Nxc6 bxc6 10. cxd5 cxd5 11. Bd3 a5 12. 0-0 Ba6 13. Bxa6 Rxa6 14. a3 Qb6 15. Qe2 a4 16. Rfb1 Rc8 17. Qd2 Rc4 18. Rc1 Qb8 19. Ne2 Rac6 20. Rxc4 Rxc4 21. Rc1 Qc8 22. Rxc4 Qxc4 23. Qa5 Ng6 24. Nc3 h6 25. Qa8+ Kh7 26. Qxa4 Ne5 27. Qc2+ f5 28. b3 Qd3 29. Qxd3 Nxd3 30. b4 Kg6 31. b5 Kf7 32. a4 Ke7 33. a5 Kd7 34. a6 Kc7 35. Na4 Kb8 36. b6 Nb4 37. a7+ Ka8 38. Nc5 e5 39. Ne6 Na6 40. Nc7+ 1-0

[Event "IECG SN.2006.0.00001"]
[Site "IECG email"]
[Date "2006.04.15"]
[Round "?"]
[White "Neytusch, Eduard"]
[Black "Babineaux, Ernest"]
[Result "1/2-1/2"]
[WhiteElo "800"]
[BlackElo "800"]
[PlyCount "42"]
[EventDate "2006.04.15"]
[EventType "tourn (corr)"]
[EventRounds "6"]
[SourceTitle "Corr 2008"]
[Source "ChessBase"]
[SourceDate "2008.06.24"]
[SourceVersion "1"]
[SourceVersionDate "2008.06.24"]
[SourceQuality "1"]

1. e4 e5 2. Nf3 Nc6 3. Bc4 Bc5 4. c3 Nf6 5. d4 exd4 6. cxd4 Bb4+ 7. Bd2 Nxe4 8. Bxb4 Nxb4 9. Bxf7+ Kxf7 10. Qb3+ d5 11. Ne5+ Ke6 12. Qxb4 c5 13. Qa3 cxd4 14. Nf3 Qb6 15. 0-0 Re8 16. Rd1 d3 17. Nc3 Nxf2 18. Rf1 Nh3+ 19. Kh1 Nf2+ 20. Kg1 Nh3+ 21. Kh1 Nf2+ 1/2-1/2

[Event "IECG SN.2006.0.00001"]
[Site "IECG email"]
[Date "2006.04.15"]
[Round "?"]
[White "Werhan, Matthew"]
[Black "Babineaux, Ernest"]
[Result "1-0"]
[WhiteElo "893"]
[BlackElo "800"]
[PlyCount "82"]
[EventDate "2006.04.15"]
[EventType "tourn (corr)"]
[EventRounds "6"]
[SourceTitle "Corr 2008"]
[Source "ChessBase"]
[SourceDate "2008.06.24"]
[SourceVersion "1"]
[SourceVersionDate "2008.06.24"]
[SourceQuality "1"]

1. e4 e5 2. Bc4 Nc6 3. Nf3 Bc5 4. 0-0 Nf6 5. d3 d6 6. c3 Bg4 7. a4 a6 8. b4 Ba7 9. h3 Bxf3 10. Qxf3 0-0 11. Bg5 Qe7 12. Nd2 Nd8 13. Bxf6 Qxf6 14. Qxf6 gxf6 15. b5 axb5 16. axb5 Ne6 17. g3 Bb6 18. Kg2 Ra5 19. Nb3 Ra7 20. Rxa7 Bxa7 21. Bd5 Rc8 22. Ra1 Bc5 23. Bxb7 Rb8 24. Bc6 Nd8 25. Nxc5 Nxc6 26. bxc6 dxc5 27. Ra7 Rc8 28. Kf3 h5 29. Ke3 Kf8 30. Ra5 Ke7 31. Rxc5 Kd6 32. Ra5 Rb8 33. Ra6 Rb6 34. Rxb6 cxb6 35. h4 Kxc6 36. g4 Kd7 37. gxh5 Ke8 38. d4 exd4+ 39. cxd4 Kf8 40. d5 b5 41. d6 Ke8 1-0